00748nam a2200193 i 4500001000300000100002200003245016500025260002100190490005200211830005200263040000800315041000800323080001100331942000700342008004100349999001700390856009800407952004900505bg1 aBIERNACKI, Janusz 0aProbabilistyczna ocena wydajności złożonych szeregów procesów produkcyjnych nie posiadających magazynowania międzyoperacyjnego /cJanusz Biernacki. aKraków,c1976.1 aZeszyt Naukowy / Politechnika Krakowska ;vnr 7 0aZeszyt Naukowy (Politechnika Krakowska) ;vnr 7 cBPK apol a658:69 cKS s pl f |000 0 pol  c17455d17455 uhttp://koha.tu.koszalin.pl/cgi-bin/koha/opac-detail.pl?biblionumber=17455yKatalog online BPK 00104070aBPKbBPKcwo22235p01216486yKS